000 nam a22 7a 4500
999 _c10768
_d10768
008 180223b ||||| |||| 00| 0 eng d
100 _aCBSE
_96613
245 _aU-Like CBSE CCE Sample Papers English-X
260 _aNew Delhi
_bBest Book
_c2012